00747nam a22002291 4500001001300000003000400013005001700017008004100034010001700075025001900092043001200111050002000123110006200143245006900205260006200274300001800336350001100354490006400365650003100429700004000460999001700500sa 68001084 DLC20260227112430.0710903s1966 ii 00010 eng  asa 68001084  aPL480:I-E-8130 aa-ii---0 aHF5549.5.S8bH910aHyderabad, India.bAdministrative Staff College of India.10aEmployee suggestion schemes,cby K. J. Joseph, research officer.0 aHyderabad,bAdministrative Staff College of Indiac[1966] a63 p.c33 cm. aRs2.500 aASCI surveys of management practices in India. Survey no. 2 0aSuggestion systemszIndia.10aJoseph, Kanakambaram Joseph,d1934- c77685d77685